000
00278nam a2200109Ia 4500
005
20251222143235.0
008
251222s9999||||xx |||||||||||||| ||spa||
082
_a
370.19/M61
245
0
_a
Informe de la Evaluación de Impacto
264
_b
Ministerio de Educación
942
_c
LIB
999
_c
14342
_d
14342